|
|
|
|
| LEADER |
01271nab#a2200397#ar4500 |
| 001 |
000090263 |
| 003 |
SVKKK |
| 005 |
20080630095616.0 |
| 008 |
080509c2008 xo |||||||||||||||b|eng |
| FMT |
|
|
|
| 015 |
|
|
|a SNBRB2008/06
|
| 038 |
|
|
|a SVKKK
|
| 040 |
|
|
|a SVKKK
|b slo
|e AACR2
|
| 041 |
0 |
|
|a eng
|b eng
|
| 044 |
|
|
|a ne
|c NL
|
| 080 |
|
|
|a 624.121.54
|2 1997
|
| 080 |
|
|
|a 550.348.435
|2 1997
|
| 242 |
1 |
0 |
|a Hodnotenie kapacity odolnosti voči prírodným katastrofám v horských obciach s vysokým rizikom geologického ohrozenia
|
| 245 |
1 |
0 |
|a Assessment of disaster resilience capacity of hillslope communities with high risk for geological hazards
|c Su-Chin Chen ... [et al.]
|
| 300 |
|
|
|b Obr., tab.
|
| 504 |
|
|
|a Bibliogr. odkazy
|
| 546 |
|
|
|a Res. angl.
|
| 650 |
0 |
4 |
|a prúdové zosuny
|x náchylnosť územia na zosúvanie
|x odolnosť voči prírodným katastrofám
|x metódy hodnotenia
|
| 700 |
1 |
|
|a Chen, Su-Chin
|4 aut
|
| 700 |
1 |
|
|a Ferng, Jhy-Wei
|4 aut
|
| 700 |
1 |
|
|a Wang, Yu-Ting
|4 aut
|
| 700 |
1 |
|
|a Wu, Ting-Yeh
|4 aut
|
| 700 |
1 |
|
|a Wang, Jieh-Jiuh
|4 aut
|
| 773 |
0 |
|
|t Engineering geology
|g Roč. 98, č. 3-4 (máj 2008), s. 86-101
|x 0013-7952
|
| 958 |
|
|
|a NB
|
| 974 |
|
|
|a Ni
|
| 992 |
|
|
|a RBX
|
| BAS |
|
|
|
| 852 |
|
|
|a SVKKK
|b BIB
|
| EXP |
|
|
|
| 998 |
|
|
|a GEO
|